000 01110nas a2200361 4500
001 BR0707966
003 BR-BrBNA
005 20231205111414.0
007 ta
008 230509b bl.|||p| |||| 00| 00por d
040 _aBR-BrBNA
_bpor
_cBiblioteca Nacional de Agricultura
041 _a(Pt)
072 _aF61; Q04
100 1 _aWagner Júnior, A.
100 1 _aDiniz, E.R.
100 1 _aSantos, C. de B. dos
100 1 _aGomes, S.A.
100 1 _aNegreiros, J.R. da S.
100 1 _aLaviola, B.G.
100 1 _aMartinez, H.E.P.
100 1 _aPereira, P.R.G.
100 1 _aFontes, P.C.R.
245 1 _aInfluência da relação K: N na produtividade e concentração de nutrientes de três cultivares de alface em cultivo hidropônico
650 _aALFACE
650 _aPOTÁSSIO
650 _aNITROGÊNIO
650 _aCULTIVO HIDROPÔNICO
650 _aSOLUÇÃO NUTRITIVA
650 _aVALOR NUTRITIVO
773 0 _tRevista Ceres (Brazil)
_xISSN 0034-737X
_g(Mar-Apr 2006), v. 53(306) p. 156-163
_wBR0707966
909 _a202311
_bLúcia
_c55
_dLúcia Elande
942 _2AGRIS
_n0
_cANA
999 _c192538
_d192538